01469agaaa2200301 45000010005000000030009000050050017000140070009000310080040000400400023000800410013001031000055001161300055001712450160002262500022003862600122004083000033005305110043005635200043006065380016006495460013006656500079006787000072007577000067008299420012008969990019009089520240009270653IT-RoPAU20220918181301.0d cvaizq50131s9999||||xx ||| | || ||und|| aIT-RoPAUcIT-RoPAU aITALIANO aPedrazzi LuigigCodice regista SPICS: 32752953514 aDOPO IL SILENZIO-ESPERIENZE DI FEDE IN URSS953515 aDOPO IL SILENZIO-ESPERIENZE DI FEDE IN URSScDiretto da: Pedrazzi LuigipDOPO IL SILENZIO-ESPERIENZE DI FEDE IN URSS (Rif. Codice opera principale : 90653) aEdizione Standard aROMA (ITALIA)bRAI - RADIO TELEVISIONE ITALIANA / Distribuzione: RAIg"1990 (1° ed.: 1990 ; Ed. Lingua Orig.: 1990)" aVHSbsonoro, col.c75 minuti a"Collaborazione di; Antonella Cavazza" aESPERIENZE DI FEDE IN UNIONE SOVIETICA aPAL, STEREO aITALIANO aRELIGIOSOeTV-PROGRAMMI RELIGIOSI [VHS]xCodice MATERIA SPICS: 9963953516 aFarina Pieroe(regista)gCodice secondo regista SPICS: 32753953517 aPedrazzi Luigi e(regista)gCodice regista SPICS: 32752953518 cVH2ddc c107765d107765 001040690653_00000000000000071aSPICSbSPICSd2015-01-31l0o90653r2015-01-31 00:00:00w2015-01-31yVHzProgr. Ins.: 2862 / N.Vol.:1 / Copie: 1 / Pag.:0 / Copia rara: n.d. / date import: 1.2.2015 / By Epidotti, Trombetti, Vaglietti